| 000 | 00849nas a2200277 4500 | ||
|---|---|---|---|
| 001 | BR0500223 | ||
| 003 | BR-BrBNA | ||
| 005 | 20231205105048.0 | ||
| 007 | ta | ||
| 008 | 230509b bl.|||p| |||| 00| 00por d | ||
| 040 |
_aBR-BrBNA _bpor _cBiblioteca Nacional de Agricultura |
||
| 041 | _a(Pt) | ||
| 072 | _aF03; F02 | ||
| 100 | 1 | _aCaldeira, S.F. | |
| 100 | 1 | _aCaldeira, S.A.F. | |
| 245 | 1 | _aEfeito da imersão prévia em água e períodos de aquecimento, na viabilidade de sementes de teca (Tectona grandis L.f.) | |
| 650 | _aTECA | ||
| 650 | _aIMERSÃO | ||
| 650 | _aTEMPERATURA | ||
| 650 | _aSEMENTE | ||
| 650 | _aSEMEADURA | ||
| 650 | _aPÓS-COLHEITA | ||
| 773 | 0 |
_tRevista Agricultura Tropical (Brazil) _xISSN 1415-7497 _g(Dec 2001), v. 5(1) p. 45-55 _wBR0500223 |
|
| 909 |
_a202311 _bLúcia _c55 _dLúcia Elande |
||
| 942 |
_2AGRIS _n0 _cANA |
||
| 999 |
_c181047 _d181047 |
||